Zhodnotenie hydrologického roka 2017 z pohľadu podzemnej vody

Hodnotenie podzemnej vody Slovenkého hydrometeorologického ústavu za rok 2017

Saved in:
Bibliographic Details
Main Author: Slivová, Valéria
Other Authors: Kullman, Eugen, Paľušová, Zuzana
Format: Book Chapter
Language:Slovak
Subjects:
Tags: Add Tag
No Tags, Be the first to tag this record!

MARC

LEADER 00000naa a2200000 4500
001 0243782
005 20221104113014.7
041 0 |a slo 
044 |a SK 
245 1 0 |a Zhodnotenie hydrologického roka 2017 z pohľadu podzemnej vody  |c Valéria Slivová, Eugen Kullman, Zuzana Paľušová 
520 |a Hodnotenie podzemnej vody Slovenkého hydrometeorologického ústavu za rok 2017 
610 2 0 |a Slovensko 
610 2 0 |a vodohospodárstvo 
610 2 0 |a voda podzemná 
610 2 0 |a zásoby surovín 
610 2 0 |a voda 
610 2 0 |a hydrológia 
610 2 0 |a hydrometeorológia 
100 1 |a Slivová, Valéria 
700 1 |a Kullman, Eugen 
700 1 |a Paľušová, Zuzana